Statistics for Karma - Taylor Swift (All Lyrics)

Click here to take the quiz!

General Stats

  • This quiz has been taken 23 times
  • The average score is 326 of 384

Answer Stats

Lyrics% Correct
I
100%
is
100%
Karma
100%
(Karma
100%
karma
100%
a
95%
Coming
95%
coming
95%
god
95%
guy
95%
home
95%
Me
95%
me
95%
on
95%
straight
95%
the
95%
to
95%
boyfriend)
89%
boyfriend
89%
by
89%
cat
89%
'Cause
89%
'cause
89%
for
89%
it
89%
loves
89%
my
89%
My
89%
Of
89%
of
89%
screen
89%
thunder
89%
why
89%
You
89%
you
89%
your
89%
acrobat
84%
all
84%
and
84%
And
84%
clean
84%
(I'm
84%
I'm
84%
It's
84%
it's
84%
like
84%
not?
84%
Rattling
84%
side
84%
street
84%
that
84%
vibe
84%
(Weekend)
84%
weekend
84%
what
84%
You're
84%
you're
84%
Addicted
79%
around
79%
Ask
79%
back
79%
breeze
79%
down
79%
from
79%
get
79%
goddamn
79%
ground
79%
hair
79%
in
79%
keep
79%
know
79%
lap
79%
learned
79%
mean
79%
see
79%
shit
79%
Spiderboy,
79%
Step
79%
step,
79%
summit
79%
takes
79%
talking
79%
those
79%
town
79%
track
79%
wouldn't
79%
years
79%
Aren't
74%
betrayal,
74%
bounty
74%
but
74%
dare,
74%
earned
74%
envious
74%
everyone
74%
Flexing
74%
friends
74%
hell
74%
here)
74%
here,
74%
here
74%
honey,
74%
hunter
74%
if
74%
just
74%
justice,
74%
Karma's
74%
king
74%
little
74%
look
74%
made
74%
once,
74%
only
74%
Purring
74%
queen
74%
relaxing
74%
relevant
74%
scent
74%
still
74%
Sweet
74%
tears
74%
there
74%
thieves
74%
thought
74%
twice
74%
burned
68%
crown
68%
gonna
68%
many
68%
pennies
68%
price
68%
so
68%
still
68%
terrified
68%
trick
68%
Trick
68%
you'll
68%
ain't
63%
cash
63%
Don't
63%
glare
63%
opacity
63%
Weave
63%
webs
63%
fade,
58%
(Ah)
47%
mmm
37%
Uh
32%
huh,
26%

Score Distribution

Percentile by Number Answered

Percent of People with Each Score

Your Score History

You have not taken this quiz